00523nam a2200169 a 450000100060000000300090000600800410001502000150005604000280007108200180009910000300011724500710014726000630021830000110028165000280029265000330032017185CO-ViMGA141112s2004 ck r 000 u spa d a9586555089 aCO-ViMGAbspacCO-ViMGA04a636.085 A581a1 aAlvarez Calvo, Jorge Luis10aBioquímica nutricional y metabólica del bovino en el trópico aMedellín (Antioquia), cUniversidad de Antioquia, c2001 a201.p.14aALIMENTOS PARA ANIMALES14aGANADO VACUNO - ALIMENTACION